000 01657nam2a22002891 4500
001 rc\4076355
005 20250611081934.0
021 _aRU
_b[50-13397]
035 _a(NLR Aleph) 008123075
090 _a9375962
_c9375962
100 _a20130415d1950 |||y0rusy50 ca
101 0 _arus
102 _aRU
105 _aa z |||||
200 1 _aБлоки. Тали. Кошки. Лебедки
_f[Сост.: инж. С.А. Добронравов]
_gМ-во тяжелого машиностроения СССР. Гл. упр. подъемно-трансп. машиностроения
210 _aМосква
_cИзд-во и 1-я тип. Машгиза в Л.
_d1950
215 _a16 с.
_cил.
461 0 _1001rc\4076352
_12001#$aПодъемно-транспортное оборудование$eКаталог-справочник$f[Отв. ред. инж. П.И. Бурмистров]$gМ-во тяжелого машиностроения СССР. Гл. упр. подъемно-трансп. машиностроения "ГУПТМаш". Вып. 1-$vВып. 4
_99375946
_cМосква
_d1950
_f[Отв. ред. инж. П.И. Бурмистров]
_nИзд-во и 1-я тип. Машгиза в Л.
_oКаталог-справочник
_tПодъемно-транспортное оборудование
_vВып. 4
517 0 _aКошки. Лебедки
517 0 _aЛебедки
517 0 _aТали. Кошки. Лебедки
702 1 _aДобронравов
_bС.А.
_gСергей Алексеевич
_4220
801 0 _aRU
_bNLR
_gpsbo
801 1 _aRU
_bELAR
_2rusmarc
852 _aNLR
_jТ86 Г-8/162
942 _cBOOK
980 _aNB